[Event "SVK-chT 2324"]
[Site "Slovakia"]
[Date "2023.12.09"]
[Round "3.8"]
[White "Luptak, Dusan"]
[Black "Konopka, Michal"]
[Result "0-1"]
[WhiteElo "1812"]
[BlackElo "2351"]
[PlyCount "66"]
[EventDate "2023.11.04"]
[EventType "team-tourn"]
[EventRounds "11"]
[EventCountry "SVK"]
[SourceTitle "CB04_2024"]
[SourceDate "2023.10.16"]
[SourceVersion "1"]
[SourceVersionDate "2023.10.16"]
[SourceQuality "1"]
[WhiteTeam "Podhajska Aquamarin"]
[BlackTeam "Dunajska Streda"]
[WhiteTeamCountry "SVK"]
[BlackTeamCountry "SVK"]

1. e4 Nf6 2. e5 Nd5 3. d4 d6 4. c4 Nb6 5. exd6 cxd6 6. Nf3 g6 7. Be2 Bg7 8. 0-0 0-0 9. Nc3 Nc6 10. a3 Bg4 11. c5 Nc8 12. h3 Bxf3 13. Bxf3 e6 14. Qa4 d5 15. Be3 N8e7 16. Rfd1 Nf5 17. Bg4 Nxe3 18. fxe3 Qg5 19. Re1 f5 20. Bf3 f4 21. e4 Nxd4 22. Rf1 Nxf3+ 23. Rxf3 d4 24. Nd1 Qxc5 25. Nf2 b5 26. Nd3 Qc6 27. Qb3 Qc4 28. Qxc4 bxc4 29. Nxf4 d3 30. Rb1 Rab8 31. Kf1 Rxf4 32. Rxf4 c3 33. e5 c2 0-1